00968nam a22001577a 450000500170000000800410001702000150005805000160007310000200008924501340010926000530024330000250029650000200032150504240034165000450076520210414113930.0120425t xxu||||| |||| 00| 0 eng d a9988777256 aHV886.G4A67 aApt, Nana Araba aChildren in need: a case study of children in institutional homes in Ghana. /cNana Araba Apt, Ebenezer Blavo and Stephen Wilson. aLegon:bCentre for Social Policy Studies,c1998. a56 p.:bill.;c24cm. aIncludes index. aContents: Executive summary -- Introduction: background to the study -- The Institutions: historical and administrative perspectives -- Survey findings: characteristics of the sample -- Admission circumstances -- Family contact -- Personality traits -- Education and school performance -- What some home authorities say -- Reflections, perspectives and directives -- Conclusion and policy recommendations -- Appendices. aChildren x Institutional carex Ghana.